Informe del Círculo de la Unión Mercantil e Industrial de Madrid sobre los temas A B C para el Congreso Nacional Económico que ha de celebrarse en Zaragoza en 1908. (Record no. 183684)

MARC details
000 -LEADER
campo de control de longitud fija 00588nam a2200145 i 4500
001 - NÚMERO DE CONTROL
campo de control 183684
003 - IDENTIFICADOR DE NÚMERO DE CONTROL
campo de control ES-MaACL
005 - FECHA Y HORA DE LA ÚLTIMA TRANSACCIÓN
campo de control 20230906221943.0
008 - DATOS DE LONGITUD FIJA--INFORMACIÓN GENERAL
campo de control de longitud fija 140923s1908 sp |||| | spa d
245 00 - MENCIÓN DEL TÍTULO
Título Informe del Círculo de la Unión Mercantil e Industrial de Madrid sobre los temas A B C para el Congreso Nacional Económico que ha de celebrarse en Zaragoza en 1908.
260 ## - PUBLICACIÓN, DISTRIBUCIÓN, ETC.
Lugar de publicación, distribución, etc. Madrid :
Nombre del editor, distribuidor, etc. [s.n.,
Fecha de publicación, distribución, etc. 1908?] (
Fabricante Imp. y Lit. de Policarpo Sáez)
300 ## - DESCRIPCIÓN FÍSICA
Extensión 23 p. ;
Dimensiones 21 cm.
710 2# - ENTRADA AGREGADA--NOMBRE DE ENTIDAD CORPORATIVA
Nombre de entidad corporativa o nombre de jurisdicción como elemento de entrada Círculo de la Unión Mercantil e Industrial (Madrid)
9 (RLIN) 2827
852 ## - LOCALIZACIÓN
Ubicación ES-MaACL
Número de control de estantería T-1376-F-2
Holdings
Estatus retirado Estado de pérdida Estado de daño No para préstamo Colección Biblioteca de origen Biblioteca actual Ubicación en estantería Fecha de adquisición Fuente de adquisición Total de préstamos Signatura topográfica completa Código de barras Visto por última vez Precio de reemplazo Tipo de ítem Koha
        Colección de folletos Biblioteca del Ateneo de Madrid Biblioteca del Ateneo de Madrid Depósito folletos 23/09/2014     T-1376-F-2 1193107 23/02/2023 23/02/2023 Folleto